000
00341pab a2200145 454500
008
180718b2000 xxu||||| |||| 00| 0 eng d
100
_a
Chandra, Satish
245
_a
Education - challenges and prospects
260
_c
2000
300
_a
p.30-36
362
_a
Dec
650
_a
Education
773
_a
Man and Development
909
_a
47657
999
_c
47657
_d
47657